000 00331nam a22001457a 4500
008 230403b ||||| |||| 00| 0 eng d
020 _a9780789313706
041 _aeng
080 _a159.9
082 _a159.9
100 _a25
101 _aPSI
245 _a1001 BOOKS YOU MUST READ BEFORE YOU DIE
_cBOXALL.P
942 _2udc
_cBK
999 _c59485
_d59485